000 00313nam a22001457a 4500
020 _a978-0782124453
041 _aENG
100 _aMinasi M
245 _aMastering .Windows Nt Server 4
250 _aFourth Ed
260 _aDelhi
_bBPB Pub
_c1997
300 _a1359
650 _aComputer
856 _uComputer
999 _c762
_d762